000 00291nam a22001337a 4500
008 181022b xxu||||| |||| 00| 0 eng d
020 _a9780670033959
041 _aeng
080 _a530
100 _a43
101 _aFIZ
245 _aHiding in the Mirror
_cKrauss,L.M
942 _2udc
_cBK
999 _c50464
_d50464